Lecciones de anatomía topográfica (Record no. 142351)

MARC details
000 -LEADER
campo de control de longitud fija 00726nam a2200181 i 4500
001 - NÚMERO DE CONTROL
campo de control 142351
003 - IDENTIFICADOR DE NÚMERO DE CONTROL
campo de control ES-MaACL
005 - FECHA Y HORA DE LA ÚLTIMA TRANSACCIÓN
campo de control 20230906200512.0
007 - CAMPO FIJO DE DESCRIPCIÓN FÍSICA--INFORMACIÓN GENERAL
campo de control de longitud fija t|
008 - DATOS DE LONGITUD FIJA--INFORMACIÓN GENERAL
campo de control de longitud fija 071004m19451948sp ||||1| spa d
100 1# - ENTRADA PRINCIPAL--NOMBRE DE PERSONA
Nombre de persona Villa y Sanz, Julián de la.
9 (RLIN) 114899
245 10 - MENCIÓN DEL TÍTULO
Título Lecciones de anatomía topográfica
Resto del título : (primer curso) /
Mención de responsabilidad, etc. por Julián de la Villa.
260 ## - PUBLICACIÓN, DISTRIBUCIÓN, ETC.
Lugar de publicación, distribución, etc. Madrid :
Nombre del editor, distribuidor, etc. [s.n.],
Fecha de publicación, distribución, etc. 1945-48 (
Fabricante Impr. Hijos de Minuesa)
300 ## - DESCRIPCIÓN FÍSICA
Extensión 6 v. :
Otras características físicas il. ;
Dimensiones 22 cm.
505 8# - NOTA DE CONTENIDO CON FORMATO
Nota de contenido con formato Contiene: I. Cráneo y su contenido -- II. Exocráneo y cara -- III. Raquis y cuello -- IV. Torax y su contenido -- V. Abdomen y pelvis y su contenido -- VI. Miembros
650 #4 - PUNTO DE ACCESO ADICIONAL DE MATERIA--TÉRMINO DE MATERIA
Término de materia o nombre geográfico como elemento de entrada Anatomía topográfica.
9 (RLIN) 151407
852 ## - LOCALIZACIÓN
Ubicación ES-MaACL
Número de control de estantería P-867-bis
Holdings
Estatus retirado Estado de pérdida Estado de daño No para préstamo Biblioteca de origen Biblioteca actual Ubicación en estantería Fecha de adquisición Fuente de adquisición Total de préstamos Signatura topográfica completa Código de barras Visto por última vez Precio de reemplazo Tipo de ítem Koha
        Biblioteca del Ateneo de Madrid Biblioteca del Ateneo de Madrid Depósito 2 17/01/2008     P-867-bis 1148116 23/02/2023 23/02/2023 Libro impreso